Normal view
MARC view
Entry Personal Name
001 - CONTROL NUMBER
- control field: 46506
003 - CONTROL NUMBER IDENTIFIER
- control field: dpl
005 - DATE AND TIME OF LATEST TRANSACTION
- control field: 20120505160235.0
008 - FIXED-LENGTH DATA ELEMENTS
- fixed length control field: 120505|||a|||||| | ||| d
040 ## - CATALOGING SOURCE
- Original cataloging agency: dpl
- Transcribing agency: dpl
100 ## - HEADING--PERSONAL NAME
- Personal name: Sinha, S.P.
670 ## - SOURCE DATA FOUND
- Source citation: Work cat.: (dpl): Sinha, S.P., India sits on AIDS bomb /, 1999
670 ## - SOURCE DATA FOUND
- Source citation: Work cat.: (dpl): Sinha, S.P., India sits on AIDS bomb /, 1999
